Временная инструкция по применению хлорамина "ХБ" для дезинфекции оборудования, аппаратуры и инвентаря пищевых цехов мясокомбинатов (Запись № 9078322)
[ простой вид ]
| 000 -МАРКЕР | |
|---|---|
| контрольное поле | 01709nam0a22002771 4500 |
| 001 - ИДЕНТИФИКАТОР ЗАПИСИ | |
| контрольное поле | rc\4002052 |
| 005 - ИДЕНТИФИКАТОР ВЕРСИИ | |
| контрольное поле | 20260407214431.0 |
| 021 ## - НОМЕР ГОСУДАРСТВЕННОЙ РЕГИСТРАЦИИ | |
| Код страны | Российская Федерация |
| Номер | [56-17412] |
| 035 ## - ДРУГИЕ СИСТЕМНЫЕ НОМЕРА | |
| Идентификатор записи | (NLR Aleph) 008073568 |
| 100 ## - ДАННЫЕ ОБЩЕЙ ОБРАБОТКИ | |
| Данные общей обработки | 20130415d1956 |||y0rusy50 ca |
| 101 0# - ЯЗЫК РЕСУРСА | |
| Язык текста, звукозаписи и т.д. | русский |
| 102 ## - СТРАНА ПУБЛИКАЦИИ ИЛИ ПРОИЗВОДСТВА | |
| Страна публикации | Российская Федерация |
| 105 ## - ПОЛЕ КОДИРОВАННЫХ ДАННЫХ: ТЕКСТОВЫЕ МАТЕРИАЛЫ, МОНОГРАФИЧЕСКИЕ | |
| Кодированные данные о монографическом текстовом документе | y z ||||| |
| 200 1# - ЗАГЛАВИЕ И СВЕДЕНИЯ ОБ ОТВЕТСТВЕННОСТИ | |
| Основное заглавие | Временная инструкция по применению хлорамина "ХБ" для дезинфекции оборудования, аппаратуры и инвентаря пищевых цехов мясокомбинатов |
| 210 ## - ПУБЛИКАЦИЯ, РАСПРОСТРАНЕНИЕ И ДР. | |
| Место издания, распространения и т.д. | Москва |
| Имя издателя, распространителя и т. д. | Б. и. |
| Дата издания, распространения и т.д. | 1956] |
| 215 ## - ФИЗИЧЕСКАЯ ХАРАКТЕРИСТИКА | |
| Специфическое обозначение материала и объем | 7 с. |
| Размеры | 20 |
| 423 #0 - ИЗДАЕТСЯ В ОДНОЙ ОБЛОЖКЕ ВМЕСТЕ С ... | |
| Встроенное поле | 1010#$arus |
| -- | 2001#$a[Временная инструкция по применению натриевого фенолята оксидифенила (окисидифенолята натрия - препарата Ф-5) при побелке$eУтв. М-вом пром-сти мясных и молочных продуктов СССР 20/I 1956 г. |
| Заглавие | [Временная инструкция по применению натриевого фенолята оксидифенила (окисидифенолята натрия - препарата Ф-5) при побелке |
| 606 ## - НАИМЕНОВАНИЕ ТЕМЫ КАК ПРЕДМЕТ | |
| Наименование темы | Мясокомбинаты |
| Тематический подзаголовок | Дезинфекция |
| Код системы | psbo |
| 606 ## - НАИМЕНОВАНИЕ ТЕМЫ КАК ПРЕДМЕТ | |
| Наименование темы | Хлорамин "ХБ" |
| Тематический подзаголовок | Применение для дезинфекции |
| Код системы | psbo |
| 712 01 - НАИМЕНОВАНИЕ ОРГАНИЗАЦИИ - ВТОРИЧНАЯ ОТВЕТСТВЕННОСТЬ | |
| Начальный элемент ввода | СССР |
| Структурное подразделение | Министерство промышленности мясных и молочных продуктов |
| Системный номер авторитетной/нормативной записи | 782759 |
| Идентификатор авторитетной/нормативной записи | RU\NLR\AUTH\8810144132 |
| 801 #0 - ИСТОЧНИК ЗАПИСИ | |
| Страна | Российская Федерация |
| Организация | NLR |
| Правила каталогизации | psbo |
| 801 #1 - ИСТОЧНИК ЗАПИСИ | |
| Страна | Российская Федерация |
| Организация | ELAR |
| Источник данных | rusmarc |
| 852 ## - МЕСТОНАХОЖДЕНИЕ И ШИФР ХРАНЕНИЯ | |
| Идентификатор организации | NLR |
| Шифр хранения (Call Number) | Мд96 Г-4/2963 |
| 942 ## - ДОПОЛНИТЕЛЬНЫЕ ЭЛЕМЕНТЫ ЗАПИСИ (АБИС) | |
| Тип экземпляра АБИС | Книга |
| 980 ## - КОЛЛЕКЦИЯ | |
| Название коллекции | Национальная библиография |
| Тип экземпляра | Дата поступления | Библиотека постоянного хранения | Библиотека текущего хранения | Место хранения | Шифр хранения | Штрих-код | Статус экземпляра |
|---|---|---|---|---|---|---|---|
| Книга | 26.10.2013 | РНБ (Садовая) | РНБ (Садовая) | Русский книжный фонд -Главное здание, Ленинский читальный зал | Мд96 Г-4/2963 | 8073568-10 |